Diagnóstico de productividad y aplicación de reingeniería en Industria Centroamericana S. A. (INCASA)

Presenta un diagnóstico de productividad y aplicación de Reingeniería en Industria Centroamericana S.A. (INCASA) el cual aborda y analiza los factores operativos aplicables a la estructura de la organización con el fin de determinar cuáles afectan negativamente su rendimiento y provocan su bajo...

Full description

Bibliographic Details
Main Authors: Avilés Silva, Marlon Javier, López Delgado, José Omar., Zamora Arístegui, María José
Other Authors: Tutor: Cáceres Antón, Juan Agustín
Format: Tesis Section = Libro
Language:Undetermined
Spanish
Published: Managua UNI 2007
Subjects:
LEADER 01734nam a2200325Ia 4500
008 240830s9999 xx 000 0 und d
040 |a BIBLIOTECA-RUPAP Mon 658.5 A958 
041 |a spa 
082 |a Mon 658.5 A958 
100 1 |a Avilés Silva, Marlon Javier 
100 1 |b López Delgado, José Omar.  
100 1 |c Zamora Arístegui, María José 
245 1 0 |a Diagnóstico de productividad y aplicación de reingeniería en Industria Centroamericana S. A. (INCASA) 
260 |a Managua  |b UNI  |c 2007 
300 |a 167 p. :il. 
500 |a Contiene: anexos e Incluye: CD. 
502 |a Tesis (Ingeniero Industrial)- UNI, 2007. 
520 3 |a Presenta un diagnóstico de productividad y aplicación de Reingeniería en Industria Centroamericana S.A. (INCASA) el cual aborda y analiza los factores operativos aplicables a la estructura de la organización con el fin de determinar cuáles afectan negativamente su rendimiento y provocan su bajo nivel de productividad, también se formulan y analizan una serie de propuestas que podrían ser consideradas por la empresa para superar las dificultades encontradas. Evalúa los métodos actuales de trabajo y compara el rendimiento real con el rendimiento teórico de producción de las plantas de INCASA. 
650 7 |a ADMINISTRACIÓN DE LA PRODUCCIÓN – PRODUCTIVIDAD 
650 7 |b REINGENIERÍA DE PROCESOS 
650 7 |c DIAGNÓSTICO - PRODUCTIVIDAD - MEDIO AMBIENTE 
650 7 |d  CONTROL DE OPERACIONES 
650 7 |e  MEDIOS DE PRODUCCIÓN 
650 7 |f  FUERZA DE TRABAJO 
650 7 |g  SUMINISTRO 
650 7 |h  CONTROL DE CALIDAD.  
700 1 |a Tutor:  |b Cáceres Antón, Juan Agustín 
942 |c BK  |2 ddc 
991 |a TESIS 
999 |c 17431